Statistics for Capitals without a letter A in their name

Click here to take the quiz!

General Stats

  • This quiz has been taken 1,006 times
    (676 since last reset)
  • The average score is 31 of 50

Answer Stats

Capital City% Correct
London
88%
Helsinki
85%
Moscow
84%
Berlin
83%
Oslo
83%
Tokyo
83%
Lisbon
82%
Stockholm
81%
Beijing
80%
Rome
80%
Bern
79%
Dublin
77%
Mexico City
77%
Brussels
75%
Minsk
73%
Kiev
72%
Wellington
71%
Seoul
70%
Vilnius
69%
New Delhi
68%
Quito
68%
Tunis
67%
Luxembourg
65%
Beirut
62%
Lome
58%
Skopje
58%
Georgetown
57%
Bishkek
56%
Kingston
56%
Kingstown
56%
Montevideo
56%
Tripoli
56%
Windhoek
56%
Dili
55%
Phnom Penh
55%
Djibouti
53%
Tbilisi
52%
Port Moresby
51%
Freetown
49%
Port Louis
48%
Sucre
48%
Thimphu
47%
Bridgetown
43%
Porto-Novo
43%
Bloemfontein
41%
Lilongwe
40%
Moroni
39%
Libreville
36%
Ngerulmud
32%
Cotonou
12%

Score Distribution

Percentile by Number Answered

Percent of People with Each Score

Your Score History

You have not taken this quiz since the last reset